El ingenioso hidalgo Don Quijote de la Mancha /
Guardado en:
| Autor Principal: | |
|---|---|
| Otros Autores: | |
| Formato: | Libro |
| Idioma: | Undetermined |
| Publicado: |
[Barcelona] :
Planeta,
2000.
|
| Series: | Biblioteca La Nación
|
| Materias: | |
| Etiquetas: |
Agregar Etiqueta
Sin Etiquetas, Sea el primero en etiquetar este registro!
|
| LEADER | 00726nam a22001935a 4500 | ||
|---|---|---|---|
| 001 | CEM.cems020733 | ||
| 008 | 231205s2000####sp############000#0#und#d | ||
| 005 | 20231205183435.0 | ||
| 245 | 1 | 0 | |a El ingenioso hidalgo Don Quijote de la Mancha / |c Miguel de Cervantes ; edición, introducción y notas de Martín de Riquer. |
| 260 | |a [Barcelona] : |b Planeta, |c 2000. | ||
| 300 | |a 1100 p. | ||
| 490 | 1 | |a Biblioteca La Nación | |
| 020 | |a 8408035991 | ||
| 100 | 1 | |a de Cervantes, Miguel. | |
| 700 | 1 | |a de Riquer, Martín ; prol. | |
| 653 | |a Literatura española | ||
| 653 | |a Novela española | ||
| 859 | |a CEMS |b BIB. CEMS - 11 de abril |h 863.3 |i C337-12 |p 29531.23 |t Ej.1 |3 I | ||
| 859 | |a CEMS |b BIB. CEMS - 11 de abril |h 863.3 |i C337-12 |p 29534.23 |t Ej.1 |3 II | ||
